Guardia nacional y policía preventiva : dos problemas de seguridad en México /

Estudio acerca de la figura de la policía preventiva como garante de la seguridad pública en México. Los autores destacan el marco histórico y constitucional de la Guardia Nacional y de la policía preventiva, asimismo argumentan sobre los factores que inciden en el abuso policiaco, y cómo se da este...

Fuld beskrivelse

Guardado en:
Bibliografiske detaljer
Hovedforfatter: Barrón Cruz, Martín Gabriel (autor)
Andre forfattere: Silva, Carlos (autor) (autor), Yáñez Romero, José Arturo (autor) (autor)
Format: Bog
Sprog:spansk
Udgivet: México : San Diego, EUA : Instituto Nacional de Ciencias Penales ; University of California, Center for US-Mexican Studies, 2004, c2004
Fag:
Tags: Tilføj Tag
Ingen Tags, Vær først til at tagge denne postø!

MARC

LEADER 00000nam^a2200000^a^4500
001 000177766
005 20250521000000.0
009 20260310101725.31
020 |a 970-768-006-7 
037 |a Acervo ITESO - Biblioteca 
041 |a ESP 
082 |a 363. 20972  |b BAR 
100 |a Barrón Cruz, Martín Gabriel  |e (autor) 
245 1 0 |a Guardia nacional y policía preventiva :  |b dos problemas de seguridad en México /  |c M.G. Barrón Cruz, C. Silva, J.A. Yáñez Romero ; presen. de David A. Shirk. 
264 4 |a México :  |b Instituto Nacional de Ciencias Penales ;  |a San Diego, EUA :  |b University of California, Center for US-Mexican Studies,  |c 2004, c2004 
300 |a 155 p. 
336 |a texto  |b txt  |2 rdacontenido 
337 |a sin mediación  |b n  |2 rdamedio 
338 |a volumen  |b nc  |2 rdasoporte 
520 |a Estudio acerca de la figura de la policía preventiva como garante de la seguridad pública en México. Los autores destacan el marco histórico y constitucional de la Guardia Nacional y de la policía preventiva, asimismo argumentan sobre los factores que inciden en el abuso policiaco, y cómo se da este fenómeno en la ciudad de México. 
649 |a XX 
650 |a Policía -  |z México (Ciudad) 
650 |a Policía -  |z México 
650 |a Abuso de Poder -  |z México (Ciudad) 
650 |a Abuso de Poder -  |z México 
650 |a Derecho Constitucional -  |z México 
650 |a Derecho Público -  |z México 
650 |a Seguridad Pública -  |z México (Ciudad) 
650 |a Seguridad Pública -  |z México 
650 |a Criminología -  |z México 
700 |a Silva, Carlos  |e (autor) 
700 |a Yáñez Romero, José Arturo  |e (autor) 
910 |a Fondo General 
920 |a Impresos - Libros 
930 |a Colección General 
905 |a 101 
901 |a 0500116641  |b IT1  |c ACC  |u 20250521 
902 |a https://opac.biblio.iteso.mx/vufind/Record/000177766